| 000 | 00774nam a2200253Ia 4500 | ||
|---|---|---|---|
| 001 | 9760 | ||
| 003 | GE_BSU | ||
| 008 | 181216s||||||||xx |||||||||||||| ||und|| | ||
| 020 | _a9992843942 | ||
| 040 | _cGE_BSU | ||
| 080 | _a821.353.1–32+821.353.1-92 | ||
| 100 | _aდუნდუა,ანა | ||
| 245 | _aროცა ასეთი სიყვარულია | ||
| 245 | _bკრებული | ||
| 245 | _cრედ.ნატო ინგოროყვა | ||
| 260 | _aბათუმი | ||
| 260 | _bალიონი | ||
| 260 | _c2005 | ||
| 300 | _a342გვ.ფოტოები.20სმ. | ||
| 541 | _h8ლ.40თ. | ||
| 653 | _aკრებული | ||
| 653 | _aროცა ასეთი სიყვარულია | ||
| 942 | _cBK | ||
| 999 |
_c43040 _d43040 |
||